000 00356 a2200169 4500
001 72027
020 _a8532215556
040 _cAnchieta - Colégio São Paulo
100 _aMurray, Roseana
240 1 0 _aFelicidade
_lpor
245 1 0 _aFelicidade
300 _a[43p.]
362 0 _a1999
440 1 _aFTD
650 4 _aLiteratura juvenil
942 _cBK
999 _c72027
_d72027